| 000 | 00366nam a2200145Ia 4500 | ||
|---|---|---|---|
| 008 | 230711s9999||||xx |||||||||||||| ||und|| | ||
| 041 | _aENG | ||
| 082 |
_a518 _bRA-N |
||
| 100 | _aRajasekaran S | ||
| 245 | 0 | _aNumerical methods in science and engineering | |
| 250 | _a1st Ed. | ||
| 260 |
_c1987 _aNew Delhi _bWheeler Publishing |
||
| 650 | _aMathematics | ||
| 942 | _cBK | ||
| 999 |
_c2539 _d2539 |
||